Les Portails de Wikipédia - Statistiques

Statistiques générales
  • Ce quiz a été pris 14 fois
  • Le résultat moyen est 181 sur 1812
Statistiques - réponses
Portails % Correct
France
77%
États-Unis
69%
Paris
69%
Canada
62%
Toul
62%
Asie
54%
Brésil
54%
Eau
54%
Érythrée
54%
Europe
54%
Grèce
54%
Mars
54%
Marseille
54%
Métropole de Lyon
54%
Mexique
54%
Russie
54%
Toulouse
54%
Vigne et vin
54%
Afrique
46%
Afrique du Sud
46%
Alger
46%
Algérie
46%
Amérique
46%
Arabie saoudite
46%
Argentine
46%
Australie
46%
Barbade
46%
Belgique
46%
Belize
46%
Bénin
46%
Biélorussie
46%
Burundi
46%
Cambodge
46%
Chili
46%
Corée
46%
Corée du Nord
46%
Cuba
46%
Danemark
46%
Djibouti
46%
Équateur
46%
Espagne
46%
Eswatini
46%
États fédérés de Micronésie
46%
Éthiopie
46%
Ghana
46%
Grenade
46%
Guyana
46%
Guyane
46%
Honduras
46%
Îles
46%
Iran et monde iranien
46%
Israël
46%
Italie
46%
Jordanie
46%
Koweït
46%
Lesotho
46%
Littérature
46%
Malawi
46%
Maroc
46%
Micro et nanotechnologie
46%
Nouvelle-Zélande
46%
Oman
46%
Or
46%
Ouganda
46%
Panama
46%
Pará
46%
Paraguay
46%
Pérou
46%
Qatar
46%
République démocratique du Congo
46%
République dominicaine
46%
République du Congo
46%
République populaire de Chine
46%
Saint-Christophe-et-Niévès
46%
Saint-Vincent-et-les-Grenadines
46%
Salvador
46%
Suriname
46%
Syrie
46%
Togo
46%
Ukraine
46%
Uruguay
46%
Vatican
46%
Venezuela
46%
Vienne
46%
Yémen
46%
Zambie
46%
Zimbabwe
46%
Afghanistan
38%
Albanie
38%
Allemagne
38%
Alpes
38%
Amérique du Nord
38%
Amérique du Sud
38%
Andorre
38%
Angola
38%
Antigua-et-Barbuda
38%
Arménie
38%
Autriche
38%
Azerbaïdjan
38%
Bahamas
38%
Bahreïn
38%
Bhoutan
38%
Birmanie
38%
Bolivie
38%
Bordeaux
38%
Bosnie-Herzégovine
38%
Brunei
38%
Bulgarie
38%
Burkina Faso
38%
Cameroun
38%
Chypre
38%
Comores
38%
Corée du Sud
38%
Costa Rica
38%
Croatie
38%
Dominique
38%
Écosse
38%
Égypte
38%
Émirats arabes unis
38%
Estonie
38%
Fidji
38%
Finlande
38%
Football
38%
Gabon
38%
Gambie
38%
Géorgie
38%
Groenland
38%
Guatemala
38%
Guinée
38%
Guinée-Bissau
38%
Guinée équatoriale
38%
Haïti
38%
Hongrie
38%
Île de Man
38%
Îles Marshall
38%
Inde
38%
Indonésie
38%
Irak
38%
Irlande
38%
Irlande du Nord
38%
Islande
38%
Jamaïque
38%
Japon
38%
Jeux
38%
Kazakhstan
38%
Kenya
38%
Kirghizistan
38%
Kiribati
38%
Kosovo
38%
Laos
38%
La Réunion
38%
Le Cap
38%
Lettonie
38%
Liban
38%
Liberia
38%
Libye
38%
Liechtenstein
38%
Lille Métropole
38%
Lituanie
38%
Luxembourg
38%
Madagascar
38%
Malaisie
38%
Maldives
38%
Mali
38%
Malte
38%
Maurice
38%
Mauritanie
38%
Mayotte
38%
Moldavie
38%
Monaco
38%
Mozambique
38%
Namibie
38%
Nauru
38%
Népal
38%
Nicaragua
38%
Niger
38%
Nigeria
38%
Norvège
38%
Œil et vue
38%
Ouzbékistan
38%
Pakistan
38%
Palestine
38%
Papouasie-Nouvelle-Guinée
38%
Pays-Bas
38%
Pays de Galles
38%
Peinture
38%
Portugal
38%
Province de Luxembourg
38%
République
38%
République centrafricaine
38%
Rome
38%
Roumanie
38%
Royaume-Uni
38%
Rwanda
38%
Sainte-Lucie
38%
Saint-Marin
38%
Sénégal
38%
Serbie et peuple serbe
38%
Seychelles
38%
Sierra Leone
38%
Somalie
38%
Soudan
38%
Soudan du Sud
38%
Suède
38%
Tadjikistan
38%
Taïwan
38%
Tchad
38%
Tchéquie
38%
Thaïlande
38%
Timor oriental
38%
Tonga
38%
Trinité-et-Tobago
38%
Tunis
38%
Tunisie
38%
Turquie
38%
Union européenne
38%
Vanuatu
38%
Viêt Nam
38%
Angleterre
31%
Animaux de compagnie
31%
Arts
31%
Bangladesh
31%
Berlin
31%
Botswana
31%
Bretagne
31%
Bruxelles
31%
Cap-Vert
31%
Chimie
31%
Cinéma
31%
Colombie
31%
Département de la Loire
31%
Département du Rhône
31%
Dijon
31%
Duché de Bretagne
31%
Dunkerque
31%
Géographie
31%
Guadeloupe
31%
Histoire
31%
Îles Féroé
31%
Îles Mariannes du Nord
31%
Jeux olympiques
31%
Lacs et cours d'eau
31%
Langue française et francophonie
31%
Loire
31%
Macédoine du Nord
31%
Martinique
31%
Mer
31%
Mer du Nord
31%
Mongolie
31%
Montpellier
31%
Moscou
31%
Musique
31%
Nantes
31%
New York
31%
Nice
31%
Nouvelle-Calédonie
31%
Océan Atlantique
31%
Océanie
31%
Océan Indien
31%
Océan Pacifique
31%
Palaos
31%
Pays de la Loire
31%
Pékin
31%
Philippines
31%
Pologne
31%
Préfecture de Mie
31%
Pyrénées
31%
Rennes
31%
Rhône
31%
Samoa
31%
Sao Tomé-et-Principe
31%
Seconde Guerre mondiale
31%
Singapour
31%
Slovaquie
31%
Slovénie
31%
Sport
31%
Sri Lanka
31%
Strasbourg
31%
Suisse
31%
Tanzanie
31%
Turkménistan
31%
Tuvalu
31%
Amérique centrale
23%
Amsterdam
23%
Antarctique
23%
Arctique
23%
Ariège
23%
Astronomie
23%
Athènes
23%
Béarn
23%
Bessin
23%
Biologie
23%
Brest
23%
Cannes
23%
Caraïbe
23%
Communisme
23%
Copenhague
23%
Corse
23%
Côte d'Ivoire
23%
Département du Jura
23%
Dublin
23%
Géologie
23%
Hambourg
23%
Handball
23%
Harry Potter
23%
Haute-Garonne
23%
Hong Kong
23%
Île de Pâques
23%
Îles Malouines
23%
Informatique
23%
Intelligence artificielle
23%
Jakarta
23%
Landes
23%
Lot
23%
Lot-et-Garonne
23%
Macao
23%
Mer Méditerranée
23%
Metz
23%
Milan
23%
Monténégro
23%
Mythologie
23%
Nancy
23%
Naples
23%
Normandie
23%
Orléans
23%
Oslo
23%
Philosophie
23%
Politique
23%
Première Guerre mondiale
23%
Provence-Alpes-Côte d'Azur
23%
Religions et croyances
23%
Salomon
23%
Sciences
23%
Sculpture
23%
Shanghai
23%
Sicile
23%
Star Wars
23%
Temps
23%
Texas
23%
Tibet
23%
Tokyo
23%
Vannes
23%
Abbeville
15%
Abkhazie
15%
Agglomération de Châlons-en-Champagne
15%
Agriculture et agronomie
15%
Ain
15%
Aisne
15%
Aix-en-Provence
15%
Alimentation et gastronomie
15%
Alpes-de-Haute-Provence
15%
Alpes-Maritimes
15%
Amiens
15%
Angers
15%
Animation et bande dessinée asiatiques
15%
Années 1760
15%
Années 1770
15%
Années 1780
15%
Années 1790
15%
Années 1800
15%
Années 1810
15%
Années 1820
15%
Années 1830
15%
Années 1840
15%
Années 1850
15%
Années 1860
15%
Années 1870
15%
Années 1880
15%
Années 1890
15%
Années 1900
15%
Années 1910
15%
Années 1920
15%
Années 1930
15%
Années 1940
15%
Années 1950
15%
Années 1960
15%
Années 1970
15%
Années 1980
15%
Années 1990
15%
Années 2000
15%
Années 2010
15%
Années 2020
15%
Antilles
15%
Ardèche
15%
Ardennes
15%
Aube
15%
Aude
15%
Auvergne-Rhône-Alpes
15%
Aveyron
15%
Aztèques
15%
Bande dessinée
15%
Basket-ball
15%
Bavière
15%
Besançon
15%
Caen
15%
Californie
15%
Calvados
15%
Castille-La Manche
15%
Catalogne
15%
Catholicisme
15%
Caucase
15%
Charente
15%
Charente-Maritime
15%
Château de Versailles
15%
Châteaux
15%
Cher
15%
Cherbourg-en-Cotentin
15%
Clermont-Ferrand
15%
Colmar
15%
Colorado
15%
Corrèze
15%
Crète
15%
Creuse
15%
Delhi
15%
Deux-Sèvres
15%
Dinosaures
15%
Disney
15%
Dordogne
15%
Égypte antique
15%
Électricité et électronique
15%
État de Rio de Janeiro
15%
État de São Paulo
15%
Finistère
15%
Formule 1
15%
France d'outre-mer
15%
Francfort-sur-le-Main
15%
Genève
15%
Géométrie
15%
Gers
15%
Gironde
15%
Golf
15%
Grenoble Métropole
15%
Haute-Loire
15%
Hautes-Alpes
15%
Hautes-Pyrénées
15%
Haute-Vienne
15%
Hauts-de-France
15%
Helsinki
15%
Horreur
15%
Île-de-France
15%
Îles Baléares
15%
Îles Canaries
15%
Îles Cook
15%
Îles Galápagos
15%
Islam
15%
Istanbul
15%
Judaïsme
15%
Kyoto
15%
Languedoc-Roussillon
15%
Langues germaniques
15%
La Rochelle
15%
Laval
15%
Le Caire
15%
Le Havre
15%
Le Mans
15%
Liège
15%
Limoges
15%
Liverpool
15%
Londres
15%
Lorient
15%
Madère
15%
Madrid
15%
Manche
15%
Marvel
15%
Massif central
15%
Mathématiques
15%
Mayas
15%
Médecine
15%
Mode
15%
Moselle
15%
Mulhouse
15%
Munich
15%
Musique électronique
15%
Nazisme
15%
Nîmes
15%
Niue
15%
Nouvelle-Aquitaine
15%
Occitanie
15%
Océans
15%
Oise
15%
Ontario
15%
Perpignan
15%
Physique
15%
Picardie
15%
Piraterie
15%
Polynésie française
15%
Porto Rico
15%
Prague
15%
Préhistoire
15%
Province de Liège
15%
Pyrénées-Atlantiques
15%
Pyrénées-Orientales
15%
Québec
15%
Région Occitanie
15%
Reims
15%
Révolution française
15%
Rio de Janeiro
15%
Rouen
15%
Royaume de Bavière
15%
Sainte-Hélène, Ascension et Tristan da Cunha
15%
Saint-Étienne
15%
Saint-Martin
15%
Saint-Pétersbourg
15%
São Paulo
15%
Sardaigne
15%
Savoie
15%
Seattle
15%
Shoah
15%
Sibérie
15%
Stockholm
15%
Surf
15%
Tallinn
15%
Tarbes
15%
Tarn
15%
Tarn-et-Garonne
15%
Télévision
15%
Terre-Neuve-et-Labrador
15%
Territoire de la capitale australienne
15%
Toulon
15%
Tours
15%
Transnistrie
15%
Troyes
15%
Turin
15%
URSS
15%
Valais
15%
Var
15%
Varsovie
15%
Venise
15%
Versailles
15%
Ville de Québec
15%
Volley-ball
15%
Vosges
15%
Washington
15%
Yvelines
15%
Zurich
15%
Abysses
8%
Adélaïde
8%
Aéronautique
8%
Alberta
8%
Allier
8%
Alsace
8%
Amazonie
8%
Anguilla
8%
Anjou et Maine-et-Loire
8%
Annecy
8%
Apple
8%
Aragon
8%
Architecture et urbanisme
8%
Arkansas
8%
Arles
8%
Arras
8%
Astérix
8%
Astrologie
8%
Athlétisme
8%
Autriche-Hongrie
8%
Auvergne
8%
Avignon
8%
Badminton
8%
Bangkok
8%
Barcelone
8%
Bas-Rhin
8%
Beach-volley
8%
Belgrade
8%
Bermudes
8%
Birmingham
8%
Bogota
8%
Bois et forêt
8%
Boisson
8%
Bouches-du-Rhône
8%
Bouddhisme
8%
Bourgogne
8%
Brasilia
8%
Bratislava
8%
Brême
8%
Bucarest
8%
Budapest
8%
Buenos Aires
8%
Café
8%
Canoë-kayak
8%
Cantal
8%
Canton
8%
Capitalisme
8%
Caracas
8%
Caroline du Nord
8%
Caroline du Sud
8%
Cayenne
8%
Centre-Val de Loire
8%
Chambéry
8%
Chamonix-Mont-Blanc
8%
Charleroi
8%
Charleville-Mézières
8%
Chicago
8%
Chocolat
8%
Christianisme
8%
Cologne
8%
Commerce
8%
Connecticut
8%
Côtes-d'Armor
8%
Couronne d'Aragon
8%
Cracovie
8%
Criminologie
8%
Cyclisme
8%
Dakar
8%
Dakota du Nord
8%
Dakota du Sud
8%
Dallas
8%
DC Comics
8%
Désert
8%
Dessert
8%
Doha
8%
Doubs
8%
Droit
8%
Drôme
8%
Dubaï
8%
Duché de Lorraine
8%
Écologie
8%
Écriture
8%
Éducation
8%
Empire britannique
8%
Empire moghol
8%
Empire ottoman
8%
Énergie
8%
Environnement
8%
Époque contemporaine
8%
Escrime
8%
Eurovision
8%
Évreux
8%
Fantasy et fantastique
8%
Femmes
8%
Fêtes et traditions
8%
Flandre
8%
Flandre-Occidentale
8%
Flandre-Orientale
8%
Floride
8%
Football américain
8%
Football canadien
8%
Gard
8%
Gênes
8%
Glasgow
8%
Grand Casablanca
8%
Guam
8%
Guerre du Viêt Nam
8%
Guerre froide
8%
Gymnastique
8%
Haute-Marne
8%
Haute-Saône
8%
Haut-Karabagh
8%
Haut-Rhin
8%
Hauts-de-Seine
8%
Hawaï
8%
Héraldique
8%
Hérault
8%
Hindouisme
8%
Historiographie
8%
Hokkaidō
8%
Idaho
8%
Île-du-Prince-Édouard
8%
Îles Caïmans
8%
Îles Vierges britanniques
8%
Îles Vierges des États-Unis
8%
Ille-et-Vilaine
8%
Illinois
8%
Incas
8%
Indre
8%
Indre-et-Loire
8%
Insurrection
8%
Iowa
8%
Isère
8%
Jazz
8%
Jeu vidéo
8%
Johannesbourg
8%
Kansas
8%
Kentucky
8%
Langue arabe
8%
Langue latine
8%
Langues
8%
Laponie
8%
Lausanne
8%
Les Simpson
8%
Lima
8%
Linguistique
8%
Lisbonne
8%
Littérature française ou francophone
8%
Littérature russe
8%
Loiret
8%
Loir-et-Cher
8%
Loisirs et divertissements
8%
Lorraine
8%
Los Angeles
8%
Lozère
8%
Lutte
8%
Maghreb
8%
Maine
8%
Manille
8%
Marne
8%
Marrakech
8%
Marxisme
8%
Massachusetts
8%
Mayenne
8%
Melbourne
8%
Mer Adriatique
8%
Metal
8%
Meurthe-et-Moselle
8%
Meuse
8%
Mexico
8%
Miami
8%
Michigan
8%
Microsoft
8%
Mine
8%
Minéraux et roches
8%
Mississippi
8%
Montana
8%
Montevideo
8%
Montréal
8%
Montserrat
8%
Morbihan
8%
Mormonisme
8%
Mort
8%
Moyen Âge
8%
Moyen-Orient
8%
Musée du Louvre
8%
Musique classique
8%
Navarre
8%
Nevada
8%
New Hampshire
8%
New Jersey
8%
Nièvre
8%
Nintendo
8%
Nord-Pas-de-Calais
8%
Nouveau-Brunswick
8%
Nouveau-Mexique
8%
Nouvelle-Écosse
8%
Oklahoma
8%
ONU
8%
Opéra
8%
OTAN
8%
Ottawa
8%
Paléontologie
8%
Pays baltes
8%
Pays de Bitche
8%
Périgueux
8%
Perth
8%
Phéniciens, Carthage et monde punique
8%
Photographie
8%
Poitou-Charentes
8%
Polar
8%
Pomme de terre
8%
Pornographie
8%
Portail des portails
8%
Prix Nobel
8%
Protestantisme
8%
Province d'Anvers
8%
Psychologie
8%
Puy-de-Dôme
8%
Quimper
8%
Quiz
8%
Régions de France
8%
République démocratique allemande
8%
Risques majeurs
8%
Rock
8%
Romantisme
8%
Rome antique
8%
Rotterdam
8%
Royaume de Prusse
8%
Rugby à XIII
8%
Rugby à XV
8%
Saint-Brieuc
8%
Saint-Nazaire
8%
Saint-Pierre
8%
Saint-Pierre-et-Miquelon
8%
Samoa américaines
8%
Santiago
8%
Saône-et-Loire
8%
Saturne
8%
Science-fiction
8%
Second Empire
8%
Sega
8%
Seine-et-Marne
8%
Seine-Saint-Denis
8%
Séoul
8%
Ski
8%
Snowboard
8%
Somaliland
8%
Somme
8%
Sommeil et Rêve
8%
Sony
8%
South Park
8%
Sport automobile
8%
Sydney
8%
Taoïsme
8%
Tchécoslovaquie
8%
Téhéran
8%
Tennis
8%
Tennis de table
8%
Territoire de Belfort
8%
Territoire du Nord
8%
Terrorisme
8%
Thé
8%
Théâtre
8%
Tintin
8%
Tir
8%
Tour de France
8%
Travail et métiers
8%
Université
8%
Utah
8%
Val-de-Marne
8%
Val-d'Oise
8%
Valence
8%
Vaucluse
8%
Vendée
8%
Vermont
8%
Vesoul
8%
Vexillologie
8%
Virginie
8%
Virginie-Occidentale
8%
Voile
8%
Volcanisme
8%
Wallonie
8%
Warner Bros. Discovery
8%
Wyoming
8%
Xbox
8%
XVIIe siècle
8%
XVIIIe siècle
8%
XXe siècle
8%
XXIe siècle
8%
Yonne
8%
Yougoslavie
8%
Zoologie
8%
Abitibi-Témiscamingue
0%
Abruzzes
0%
Académie française
0%
Acadie
0%
Açores
0%
Actualité
0%
Aéromodélisme
0%
Afro-Américains
0%
Âge des Vikings
0%
Âge d'or de l'Islam
0%
Aix-les-Bains
0%
Alabama
0%
Alagoas
0%
Åland
0%
Al-Andalus
0%
Alaska
0%
Albuquerque
0%
Alcool
0%
Algarve
0%
Algèbre
0%
Algèbre nouvelle et François Viète
0%
Alpilles
0%
Alpinisme et escalade
0%
Altaï
0%
Altermondialisme
0%
Amapá
0%
Amazonas
0%
Amérique précolombienne
0%
Ameublement
0%
Analyse
0%
Anarchisme
0%
Anatomie
0%
Andalousie
0%
Anglicanisme
0%
Anglo-Saxons
0%
Animation
0%
Ankama
0%
Annélides
0%
Anthropologie
0%
Anthroponymie
0%
Aquariophilie
0%
Arachnologie
0%
Arbitrage sportif
0%
Archéologie
0%
Architecture chrétienne
0%
Arithmétique et théorie des nombres
0%
Arizona
0%
Armée française
0%
Armée italienne
0%
Armes
0%
Art contemporain
0%
Art déco
0%
Artillerie
0%
Art nouveau
0%
Arts décoratifs
0%
Arts du spectacle
0%
Arts martiaux et sports de combat
0%
Assainissement
0%
Associations
0%
Astronautique
0%
Asturies
0%
Athéisme
0%
Atlanta
0%
Auckland
0%
Aurès
0%
Australie-Méridionale
0%
Australie-Occidentale
0%
Autisme
0%
Autobus
0%
Autochtones du Canada
0%
Automobile
0%
Aviron
0%
Bade-Wurtemberg
0%
Bagratides
0%
Bahaïsme
0%
Bahia
0%
Bakou
0%
Balkans
0%
Baltimore
0%
Bamiléké
0%
Bande dessinée francophone
0%
Baroque
0%
Barrage
0%
Bas-Canada
0%
Baseball
0%
Bases de données
0%
Basilicate
0%
Bassa
0%
Bas-Saint-Laurent
0%
Basse-Saxe
0%
Bassin minier du Nord-Pas-de-Calais
0%
Bassins et fontaines
0%
Bassins houillers des Vosges et du Jura
0%
Bâtiment et travaux publics
0%
BBC
0%
Bengale-Occidental
0%
Berbères
0%
Berry
0%
Beyoncé
0%
Biathlon
0%
Bible
0%
Bicyclette
0%
Biens d'intérêt culturel d'Espagne
0%
Bière
0%
Billard
0%
Biochimie
0%
Bioéthique
0%
Biographie
0%
Biologie cellulaire et moléculaire
0%
Biologie marine
0%
Blues
0%
Bob Dylan
0%
Bobsleigh
0%
Bologne
0%
Bombay
0%
Bonsaï
0%
Boston
0%
Botanique
0%
Bouddhisme zen
0%
Bougainville
0%
Boulogne-sur-Mer
0%
Boxe anglaise
0%
Brabant flamand
0%
Brabant wallon
0%
Brandebourg
0%
Bresse
0%
Brisbane
0%
Brive-la-Gaillarde
0%
Bruges
0%
Buffy contre les vampires
0%
Bugey
0%
Calabre
0%
Calgary
0%
Camargue
0%
Cambrai
0%
Camion
0%
Campanie
0%
Canidés
0%
Cantabrie
0%
Cap-Breton
0%
Carcinologie
0%
Carnaval
0%
Carpates
0%
Carpentras
0%
Cartographie
0%
Cartoon Network
0%
Castille-et-León
0%
Catch
0%
Ceará
0%
Cénozoïque
0%
Centre-du-Québec
0%
Centre Pompidou
0%
Céramique
0%
Cétacés
0%
Ceuta, Melilla et plazas de soberanía
0%
Champagne-Ardenne
0%
Changement climatique
0%
Char de combat
0%
Charles Dickens
0%
Charlotte
0%
Chasse
0%
Châteaux de France
0%
Chaudière-Appalaches
0%
Chemin de fer
0%
Chemin de fer en Amérique du Nord
0%
Chemin de fer en Inde
0%
Chemin de fer en Suisse
0%
Chiisme
0%
Chrétiens d'Orient
0%
Christianisme évangélique
0%
Christianisme orthodoxe
0%
Cincinnati
0%
Cinéma africain
0%
Cinéma algérien
0%
Cinéma allemand
0%
Cinéma américain
0%
Cinéma belge
0%
Cinéma britannique
0%
Cinéma chinois
0%
Cinéma espagnol
0%
Cinéma français
0%
Cinéma hongkongais
0%
Cinéma indien
0%
Cinéma iranien
0%
Cinéma italien
0%
Cinéma japonais
0%
Cinéma québécois
0%
Cinéma russe
0%
Cinéma soviétique
0%
Cinéma sud-coréen
0%
Cinquième République
0%
Civilisations asiatiques
0%
Classicisme
0%
Clavecin
0%
Cleveland
0%
Climat
0%
Cnidaires
0%
Collections
0%
Colombie-Britannique
0%
Columbus
0%
Combiné nordique
0%
Comédies musicales
0%
Comics
0%
Commonwealth
0%
Communauté autonome du Pays basque
0%
Communes d'Algérie
0%
Communes de France
0%
Compagnie de Jésus
0%
Comté de Champagne
0%
Conakry
0%
Conflit israélo-arabe
0%
Conseil de l'Europe
0%
Conservation de la nature
0%
Conservatisme
0%
Contes
0%
Convolvulaceae
0%
Coopératives
0%
Cosmologie
0%
Côte des Isles
0%
Côte d'Opale
0%
Côte-d'Or
0%
Côte-Nord
0%
Côtière
0%
Couleurs
0%
Course au large
0%
Créatures légendaires
0%
Cricket
0%
Croisades
0%
Crosse
0%
Cryptologie
0%
Cryptomonnaies
0%
Cuisine allemande
0%
Cuisine belge
0%
Cuisine du Maghreb
0%
Cuisine française
0%
Cuisine italienne
0%
Cuisine japonaise
0%
Culture
0%
Culture américaine
0%
Culture de la Suisse
0%
Culture ivoirienne
0%
Culture russe
0%
Culture sourde
0%
Curling
0%
Dada et Surréalisme
0%
Dalida
0%
Danse
0%
Dauphiné
0%
David Bowie
0%
Deep Purple
0%
Delaware
0%
Démographie
0%
Denver
0%
Design
0%
Détective Conan
0%
Détroit
0%
Développement durable
0%
Digimon
0%
District fédéral
0%
Doctor Who
0%
Dombes
0%
Données
0%
Droit du travail en France
0%
Droit français
0%
Droits de l'homme
0%
Droits des animaux
0%
Droit suisse
0%
Duché d'Anhalt
0%
Duché de Brunswick
0%
Échecs
0%
Échinodermes
0%
Écoatlas
0%
École de Nancy
0%
Écoles
0%
Écologie politique
0%
Écologisme
0%
Économie
0%
Écotoxicologie
0%
Édition
0%
Édition numérique
0%
Edmonton
0%
Éducation au Québec
0%
Élevage
0%
Elvis Presley
0%
Émilie-Romagne
0%
Eminem
0%
Empire allemand
0%
Empire colonial portugais
0%
Empire d'Autriche
0%
Empire du Japon
0%
Empire espagnol
0%
Empire russe
0%
Endurance automobile
0%
Énergie fossile
0%
Énergie renouvelable
0%
Enfance
0%
Enluminure
0%
Entomologie
0%
Entre-deux-guerres
0%
Entreprises
0%
Épices et aromates
0%
Époque moderne
0%
Esclavage
0%
Espace Mittelland
0%
Espace post-soviétique
0%
Espaces verts
0%
Espéranto
0%
Espírito Santo
0%
Essonne
0%
Estrémadure
0%
Estrie
0%
Étoiles
0%
Étrusques
0%
Eure
0%
Eure-et-Loir
0%
Évian-les-Bains
0%
Exoplanètes
0%
Exploration
0%
Fabaceae
0%
Félins
0%
Film et télévision africains
0%
Finance
0%
Firefly
0%
Flandres
0%
Florence
0%
Florianópolis
0%
Folie
0%
Fontainebleau
0%
Football australien
0%
Forces armées de Belgique
0%
Forces armées des États-Unis
0%
Forces canadiennes
0%
France au XIXe siècle
0%
France du Grand Siècle
0%
Franche-Comté
0%
Franc-maçonnerie
0%
Franco-Américains
0%
Franco-Ontariens
0%
Franz Liszt
0%
Fribourg
0%
Friedrich Nietzsche
0%
Frioul-Vénétie Julienne
0%
Froid et climatisation
0%
Fromage
0%
Frontières
0%
Gabber
0%
Galeries des Offices
0%
Galice
0%
Game of Thrones
0%
Gascogne
0%
Gaspésie–Îles-de-la-Madeleine
0%
Gaullisme
0%
Généalogie
0%
Génie industriel
0%
Génie mécanique
0%
Genre
0%
Géodésie et géophysique
0%
Géographie de la Suisse
0%
Géorgie du Sud-et-les îles Sandwich du Sud
0%
Gibraltar
0%
GNU/Linux
0%
Goiás
0%
Google
0%
Göteborg
0%
Grand-duché de Bade
0%
Grand-duché de Hesse
0%
Grand-duché de Mecklembourg-Schwerin
0%
Grand-duché de Saxe-Weimar-Eisenach
0%
Grand-duché d'Oldenbourg
0%
Grande Armée
0%
Grandes écoles
0%
Grande vitesse ferroviaire
0%
Grand-Mbam
0%
Gratte-ciel
0%
Gravure
0%
Grèce antique
0%
Grisons
0%
Guerre d'Algérie
0%
Guerre de Sécession
0%
Guerre russo-ukrainienne
0%
Guitare
0%
Hainaut
0%
Haltérophilie
0%
Hamilton
0%
Handicap
0%
Handisport
0%
Haut Moyen Âge
0%
Hélicoptères
0%
Hématologie
0%
Henri Matisse
0%
Herpétologie
0%
Hesse
0%
Hip-hop
0%
Histoire de Bretagne
0%
Histoire de l'art
0%
Histoire de la zoologie et de la botanique
0%
Histoire de Savoie
0%
Histoire des sciences
0%
Histoire du Japon
0%
Histoire militaire
0%
Histoire militaire de la Belgique
0%
Hittites
0%
Hô Chi Minh-Ville
0%
Hockey sur gazon
0%
Hockey sur glace
0%
Horlogerie
0%
Hôtellerie
0%
Houston
0%
Humanitaire et développement
0%
Humour
0%
Hyères
0%
Ichtyologie
0%
Îles Anglo-Normandes
0%
Îles Turques-et-Caïques
0%
Imagerie numérique
0%
Impressionnisme
0%
Indiana
0%
Indianapolis
0%
Industrie
0%
Information géographique
0%
Informatique théorique
0%
Innsbruck
0%
Intercommunalités de France
0%
Internet
0%
Israël antique et les Juifs dans l'Antiquité
0%
Jacksonville
0%
Jaïnisme
0%
James Bond
0%
Jane Austen
0%
Jardinage et horticulture
0%
Jérusalem
0%
Jeu de go
0%
Jeu vidéo de combat
0%
Jeux africains
0%
Jeux de rôle
0%
Jeux télévisés
0%
Johnny Hallyday
0%
Journalisme
0%
Judo
0%
Jules Verne
0%
Jupiter
0%
Kabylie
0%
Karaté
0%
Keynésianisme
0%
Košice
0%
Kourou
0%
K-pop
0%
Kraï du Kamtchatka
0%
Kraï du Primorié
0%
Kuala Lumpur
0%
Kurdistan
0%
Lanaudière
0%
Langue catalane
0%
Langues créoles et créolophonie
0%
La Nouvelle-Orléans
0%
La Rioja
0%
Las Vegas
0%
Latium
0%
Laurentides
0%
Légendaire
0%
Légende arthurienne
0%
Légion étrangère
0%
Lego
0%
Le Touquet-Paris-Plage
0%
LGBT
0%
Libéralisme
0%
Liberté d'expression
0%
Lieux patrimoniaux du Canada
0%
Ligurie
0%
Limbourg
0%
Limousin
0%
Lingerie
0%
Littérature africaine
0%
Littérature algérienne
0%
Littérature américaine
0%
Littérature britannique
0%
Littérature d'enfance et de jeunesse
0%
Littérature espérantophone
0%
Littérature haïtienne
0%
Littérature italienne
0%
Littérature norroise
0%
Littoral
0%
Livre-jeu
0%
Logiciel
0%
Logiciels libres
0%
Logique
0%
Loire-Atlantique
0%
Lombardie
0%
Louisiane
0%
Louisville
0%
Lübeck
0%
Ludwig van Beethoven
0%
Luge
0%
Lumières
0%
Lune
0%
Lusophonie
0%
Maastricht
0%
Madonna
0%
Malacologie
0%
Maladie à coronavirus 2019
0%
Maladies infectieuses
0%
Mammifères
0%
Management
0%
Manchester
0%
Manitoba
0%
Mannequinat
0%
Maranhão
0%
Marches
0%
Marine française
0%
Marines de guerre
0%
Marionnette
0%
Maritime
0%
Martin Heidegger
0%
Maryland
0%
Mascareignes
0%
Massif du Jura
0%
Matériaux
0%
Mato Grosso
0%
Mauricie
0%
Mayence
0%
Mecklembourg-Poméranie-Occidentale
0%
Médecine vétérinaire
0%
Médias
0%
Mégalithisme
0%
Meknès
0%
Memphis
0%
Mer Baltique
0%
Mésopotamie
0%
Métallurgie
0%
Météorologie
0%
Métis
0%
Metropolitan Museum of Art
0%
Michael Jackson
0%
Micmacs
0%
Microbiologie
0%
Micronations
0%
Militantisme et droits lycéens
0%
Milwaukee
0%
Minas Gerais
0%
Minneapolis
0%
Minnesota
0%
Minorités
0%
Miss France
0%
Missouri
0%
Modélisme
0%
Molise
0%
Monachisme
0%
Monarchie
0%
Monarchie de Juillet
0%
Monde antique
0%
Monde arabe
0%
Monde arabo-musulman
0%
Monde byzantin
0%
Monde celtique
0%
Monde chinois
0%
Monde colonial
0%
Monde équestre
0%
Monde hellénistique
0%
Monde indien
0%
Monde malais
0%
Monde mongol
0%
Montagne
0%
Montérégie
0%
Monuments historiques
0%
Monuments protégés du Portugal
0%
Moravie
0%
Morvan
0%
Motocyclette
0%
Moyen Âge central
0%
Moyen Âge tardif
0%
Musculation
0%
Musée des Beaux-Arts de Lyon
0%
Musée d'Orsay
0%
Musée du Prado
0%
Musées
0%
Musique bretonne
0%
Musique country
0%
Musique impressionniste
0%
Musiques du monde
0%
Mycologie
0%
Mystique
0%
Mythologie basque
0%
Mythologie égyptienne
0%
Mythologie grecque
0%
Mythologie nordique
0%
Mythologie romaine
0%
NASCAR
0%
Nashville
0%
Natation
0%
Natation synchronisée
0%
Nationalisme
0%
Navire
0%
Nebraska
0%
Néo-classicisme
0%
Nettoyage et hygiène
0%
Neuchâtel
0%
Neurosciences
0%
Nijni Novgorod
0%
Noblesse espagnole
0%
Noblesse française
0%
Nord-Amérindiens
0%
Nord-du-Québec
0%
Nottinghamshire
0%
Nouvelle-France
0%
Nouvelle-Galles du Sud
0%
Nucléaire
0%
Numismatique
0%
Nunavut
0%
Nuremberg
0%
Oakland
0%
Oblast d'Arkhangelsk
0%
Oblast de Kaliningrad
0%
Oblast de Léningrad
0%
Oblast de Novossibirsk
0%
Odeurs, senteurs et parfum
0%
Ohio
0%
Ombrie
0%
Ontologie
0%
Optique
0%
Oran
0%
Ordre cistercien
0%
Ordre de Saint-Jean de Jérusalem
0%
Ordre des Prêcheurs
0%
Ordre du Temple
0%
Ordre souverain de Malte
0%
Oregon
0%
Orgue
0%
Origine et évolution du vivant
0%
Orlando
0%
Orne
0%
Ornithologie
0%
Osaka
0%
Ossétie du Sud-Alanie
0%
Outaouais
0%
Paix
0%
Papyrologie
0%
Paquebots
0%
Parachutisme
0%
Paraná
0%
Paranormal
0%
Parasitologie
0%
Parc national de Yellowstone
0%
Parc national de Yosemite
0%
Parcs de loisirs
0%
Patinage
0%
Patinage artistique
0%
Patinage de vitesse
0%
Patinage de vitesse sur piste courte
0%
Patrimoine culturel immatériel
0%
Patrimoine mondial
0%
Patronages sportifs catholiques
0%
Pays basque
0%
Pays catalans
0%
Pays de Gex
0%
Pays de Guérande
0%
Pays de Hanau
0%
Pays de Lérins
0%
Pays valencien
0%
Pêche
0%
Pennsylvanie
0%
Pentathlon moderne
0%
Percussions
0%
Permaculture
0%
Pernambouc
0%
Pétanque
0%
Phares
0%
Pharmacie
0%
Philadelphie
0%
Philatélie
0%
Philosophie analytique
0%
Philosophie antique
0%
Philosophie indienne
0%
Phoenix
0%
Phycologie
0%
Physiologie
0%
Piauí
0%
Piémont
0%
Pink Floyd
0%
Pittsburgh
0%
Planètes mineures et comètes
0%
Plantes du Cameroun
0%
Plantes utiles
0%
Plésiosaures
0%
Plongée sous-marine
0%
Plongeon
0%
Poaceae
0%
Poésie
0%
Pokémon
0%
Poker
0%
Police
0%
Politique au Luxembourg
0%
Politique aux États-Unis
0%
Politique belge
0%
Politique britannique
0%
Politique canadienne
0%
Politique en Espagne
0%
Politique en Italie
0%
Politique française
0%
Politique japonaise
0%
Politique québécoise
0%
Politique sociale
0%
Politique suisse
0%
Ponts
0%
Portland
0%
Ports
0%
Pouilles
0%
Préfecture d'Aichi
0%
Préfecture d'Akita
0%
Préfecture d'Aomori
0%
Préfecture de Chiba
0%
Préfecture de Fukui
0%
Préfecture de Fukuoka
0%
Préfecture de Fukushima
0%
Préfecture de Gifu
0%
Préfecture de Gunma
0%
Préfecture d'Ehime
0%
Préfecture de Hiroshima
0%
Préfecture de Hyōgo
0%
Préfecture de Kagawa
0%
Préfecture de Kagoshima
0%
Préfecture de Kanagawa
0%
Préfecture de Kōchi
0%
Préfecture de Kumamoto
0%
Préfecture de Miyagi
0%
Préfecture de Miyazaki
0%
Préfecture de Nagano
0%
Préfecture de Nagasaki
0%
Préfecture de Nara
0%
Préfecture de Niigata
0%
Préfecture de Saga
0%
Préfecture de Saitama
0%
Préfecture de Shiga
0%
Préfecture de Shimane
0%
Préfecture de Shizuoka
0%
Préfecture de Tochigi
0%
Préfecture de Tokushima
0%
Préfecture de Tottori
0%
Préfecture de Toyama
0%
Préfecture de Wakayama
0%
Préfecture de Yamagata
0%
Préfecture de Yamaguchi
0%
Préfecture de Yamanashi
0%
Préfecture d'Ibaraki
0%
Préfecture d'Ishikawa
0%
Préfecture d'Iwate
0%
Préfecture d'Ōita
0%
Préfecture d'Okayama
0%
Préfecture d'Okinawa
0%
Premier Empire
0%
Premiers secours et secourisme
0%
Presse écrite
0%
Primates
0%
Printemps des peuples
0%
Prison
0%
Probabilités et statistiques
0%
Proche-Orient ancien
0%
Programmation informatique
0%
Protection des cultures
0%
Protection du patrimoine
0%
Provence
0%
Province de Namur
0%
Psychanalyse
0%
Psychotrope
0%
Ptérosaures
0%
Publicité
0%
Punk
0%
Québec 1763-91
0%
Queen
0%
Queensland
0%
Rabat-Salé
0%
Radio
0%
Rallye automobile
0%
Randonnée
0%
Réalisation audiovisuelle
0%
Recherche scientifique
0%
Récompenses et distinctions
0%
Reconquista
0%
Records
0%
Régate
0%
Reggae
0%
Région de la baie de San Francisco
0%
Région de Murcie
0%
Région flamande
0%
Registre national des lieux historiques
0%
Relations internationales
0%
Renaissance
0%
Renseignement
0%
République de Carélie
0%
République de Weimar
0%
Réseaux informatiques
0%
Résistance française
0%
Restauration française
0%
Révolution américaine
0%
Rhénanie-du-Nord-Westphalie
0%
Rhénanie-Palatinat
0%
Rhode Island
0%
Rihanna
0%
Rink hockey
0%
Rio Grande do Norte
0%
Rio Grande do Sul
0%
Riom
0%
Risorgimento
0%
Robotique
0%
Rock progressif
0%
Roller et skateboard
0%
Roman vidéoludique
0%
Rondônia
0%
Roraima
0%
Roses et rosiers
0%
Route
0%
Royal Air Force
0%
Royal Navy
0%
Royaume de France
0%
Royaume de Hanovre
0%
Royaume de Saxe
0%
Royaume de Wurtemberg
0%
Ryūkyū
0%
Sacramento
0%
Saguenay–Lac-Saint-Jean
0%
Saint-Barthélemy
0%
Saint-Denis
0%
Saint-Empire romain germanique
0%
Saint-Laurent-du-Maroni
0%
Saint-Louis
0%
Saint-Malo
0%
Saint-Paul
0%
Salsa
0%
Salt Lake City
0%
Samsung
0%
San Antonio
0%
San Diego
0%
San Francisco
0%
Sanskrit
0%
Santa Catarina
0%
Sarre
0%
Sarthe
0%
Saskatchewan
0%
Saut à ski
0%
Sawa
0%
Saxe
0%
Saxe-Anhalt
0%
Scepticisme rationnel
0%
Schleswig-Holstein
0%
Sciences de la Terre et de l'Univers
0%
Sciences de l'information et des bibliothèques
0%
Sciences humaines et sociales
0%
Sciences quantiques
0%
Scoutisme
0%
Sécurité civile et sapeurs-pompiers
0%
Sécurité de l'information
0%
Sécurité informatique
0%
Seine-Maritime
0%
Sel alimentaire
0%
Sel comtois
0%
Septentrion
0%
Sérères
0%
Sergipe
0%
Séries télévisées
0%
Séries télévisées américaines
0%
Séville
0%
Sexualité et sexologie
0%
Shinto
0%
Sienne
0%
Sikhisme
0%
Skeleton
0%
Ski acrobatique
0%
Ski alpin
0%
Ski de fond
0%
Skopje
0%
Slaves
0%
Snooker
0%
Socialisme
0%
Société
0%
Société des Nations
0%
Sociologie
0%
Soins infirmiers et profession infirmière
0%
Solanaceae
0%
Sotchi
0%
Soul et funk
0%
Sous-marins
0%
Spéléologie
0%
Spiritualité
0%
Spirou
0%
Sport automobile électrique
0%
Sport motocycliste
0%
Sports de combat
0%
Sports de raquette
0%
Sports d'hiver
0%
Sports gaéliques
0%
Sports nautiques
0%
Sport universitaire
0%
Squash
0%
Stargate
0%
Star Trek
0%
Studio Ghibli
0%
Stuttgart
0%
Suisse centrale
0%
Suisse du Nord-Ouest
0%
Suisse orientale
0%
Syndicalisme
0%
Système solaire
0%
Tabac
0%
Taekwondo
0%
Talmud
0%
Tasmanie
0%
Tauromachie
0%
Tchétchénie
0%
Tchoukball
0%
Technologies
0%
Technologies de l'information et de la communication pour l'enseignement
0%
Télécommunications
0%
Télévision britannique
0%
Télévision française
0%
Tennessee
0%
Terre du Milieu
0%
Terres australes et antarctiques françaises
0%
Territoires britanniques d'outre-mer
0%
Territoires du Nord-Ouest
0%
Tessin
0%
Test WikiMOOC
0%
Test Wikipédia pas à pas
0%
Textile
0%
The Beatles
0%
Théologie
0%
Thiers
0%
Thomas d'Aquin
0%
Thuringe
0%
Tir à l'arc
0%
Titanic
0%
Tlemcen
0%
Tocantins
0%
Toronto
0%
Toscane
0%
Tourisme
0%
Transformers
0%
Transidentité
0%
Transport par câble
0%
Transports
0%
Transports en commun
0%
Transports en Île-de-France
0%
Trentin-Haut-Adige
0%
Triathlon
0%
Tunnels
0%
Typographie
0%
Ubisoft
0%
Uniformologie militaire
0%
Universités américaines
0%
Universités françaises
0%
Universités japonaises
0%
Ursidés
0%
Vallée d'Aoste
0%
Vampires
0%
Vancouver
0%
Vaud
0%
Végétarisme
0%
Vénétie
0%
Vexin
0%
Victoria
0%
Vie extraterrestre et ufologie
0%
Virologie
0%
Wallis-et-Futuna
0%
Water-polo
0%
Web sémantique
0%
Western
0%
Whisky
0%
Whitney Houston
0%
Wikimédia
0%
Winnipeg
0%
Wisconsin
0%
X-Files
0%
XIXe siècle
0%
Yéyé
0%
Yoga
0%
Yorkshire
0%
Yukon
0%
Aucun quiz correspondant
Distribution des résultats
% des personnes avec chaque résultat
Percentile par nombre de réponses
Votre historique - résultats
Vous n’avez pas pris ce quiz